[Event "XX Festival Conca della Presolana A"]
[Site "Bratto - Castione della Presolana ITA"]
[Date "2000.09.02"]
[Round "9"]
[White "Pirola, Andrea"]
[Black "Zoldan, Matteo"]
[Result "0-1"]
[WhiteElo "1909"]
[BlackElo "2092"]
[PlyCount "122"]
[EventDate "2000.08.25"]

1.d4 Nf6 2.Bg5 Ne4 3.Bf4 c5 4.f3 Qa5+ 5.c3 Nf6 6.Nd2 cxd4 7.Nb3 Qb6 8.Qxd4
Nc6 9.Qxb6 axb6 10.e4 d5 11.Nd2 e5 12.Bg5 Be6 13.Bxf6 gxf6 14.exd5 Bxd5 
15.Bc4 Be6 16.Bxe6 fxe6 17.Nh3 f5 18.O-O Kf7 19.Rfd1 Kf6 20.Nf2 Bc5 21.Kf1
Rhd8 22.a3 Ne7 23.c4 Nc6 24.Nb3 Nd4 25.Nxd4 Bxd4 26.Nd3 e4 27.fxe4 fxe4 
28.Nf2 Ke5 29.Re1 Bxf2 30.Kxf2 Rac8 31.Rac1 Rd4 32.b3 Rd3 33.Rb1 Rcd8 34.
Re2 Rc3 35.Rbe1 Rf8+ 36.Kg1 Rf4 37.g3 Rg4 38.Re3 Rxe3 39.Rxe3 Kd4 40.Kf2 
Rg5 41.a4 Rh5 42.h4 Rf5+ 43.Ke2 h5 44.g4 hxg4 45.Rg3 Rf4 46.h5 Rf5 47.Rxg4
Rxh5 48.Rg6 Rh2+ 49.Ke1 Rb2 50.Rxe6 Rxb3 51.Re7 Rb4 52.Rxb7 Kxc4 53.Ra7 
Kd3 54.Kf2 Rb2+ 55.Kg3 e3 56.Rd7+ Ke2 57.Kg2 Rb4 58.Rd6 Rxa4 59.Rxb6 Rg4+ 
60.Kh3 Rg5 61.Rb2+ Kf1 0-1

[Event "XX Festival Conca della Presolana A"]
[Site "Bratto - Castione della Presolana ITA"]
[Date "2000.09.02"]
[Round "9"]
[White "Podini, Francesco"]
[Black "Lovati, Paolo"]
[Result "1-0"]
[WhiteElo "2071"]
[BlackElo "2084"]
[PlyCount "115"]
[EventDate "2000.08.25"]

1.c4 e5 2.Nc3 Nf6 3.g3 Bc5 4.Bg2 O-O 5.e3 Nc6 6.Nge2 Re8 7.d3 a5 8.O-O d6 
9.h3 Ne7 10.a3 d5 11.cxd5 Nexd5 12.Nxd5 Nxd5 13.Qc2 Bf8 14.b3 c6 15.Bb2 
Qg5 16.e4 Nc7 17.f4 exf4 18.gxf4 Qc5+ 19.Qxc5 Bxc5+ 20.d4 Bb6 21.f5 g6 22.
fxg6 hxg6 23.Rad1 Be6 24.Rd3 a4 25.b4 Rad8 26.Rc1 Nb5 27.Kh1 Bb3 28.Bf3 
Nd6 29.e5 Nf5 30.Be4 Bd5 31.Bxd5 Rxd5 32.Nf4 Rxd4 33.Bxd4 Bxd4 34.e6 g5 
35.exf7+ Kxf7 36.Ng2 Kg6 37.Re1 Rh8 38.Rf1 Be5 39.Kg1 b5 40.Rff3 Nd4 41.
Rfe3 Bf6 42.Ne1 Rc8 43.Nf3 Nf5 44.Ne5+ Kg7 45.Rd7+ Kg8 46.Rf3 Bxe5 47.Rxf5
Bb2 48.Rxg5+ Kh8 49.Rd3 Kh7 50.Kg2 Re8 51.Kf3 Re1 52.Rg2 Ba1 53.Rd7+ Kh6 
54.Rd6+ Kh7 55.Rxc6 Rb1 56.Rd2 Rf1+ 57.Kg2 Rf7 58.Rc5 1-0

[Event "XX Festival Conca della Presolana A"]
[Site "Bratto - Castione della Presolana ITA"]
[Date "2000.09.02"]
[Round "9"]
[White "Ranieri, Fabrizio"]
[Black "Solinas, Carlo"]
[Result "1-0"]
[WhiteElo "2165"]
[BlackElo "2058"]
[PlyCount "107"]
[EventDate "2000.08.25"]

1.e4 e5 2.Nf3 Nc6 3.Bc4 Nf6 4.d3 Be7 5.O-O O-O 6.Nc3 d6 7.h3 Na5 8.Bb3 
Nxb3 9.axb3 c5 10.Be3 Bd7 11.Ne2 Qc8 12.Ng3 a6 13.Nh2 d5 14.f4 exf4 15.
Bxf4 dxe4 16.dxe4 Be6 17.c4 Qc6 18.Qc2 Rfd8 19.Nf3 Nd7 20.Rad1 f6 21.Nf5 
Bxf5 22.exf5 Nf8 23.Qe2 Bd6 24.Bxd6 Rxd6 25.Rxd6 Qxd6 26.Rd1 Qc6 27.Rd5 
Re8 28.Qd3 Qc7 29.Rd6 Re7 30.Qd5+ Rf7 31.Rd8 g6 32.b4 Kg7 33.bxc5 Rd7 34.
Rxd7+ Qxd7 35.Nd4 Qxd5 36.cxd5 Nd7 37.b4 Kf7 38.Kf2 Ke7 39.Ke3 Ne5 40.fxg6
hxg6 41.Nf3 Nf7 42.h4 Nh6 43.Kf4 Kd7 44.g4 Ng8 45.d6 b6 46.g5 bxc5 47.bxc5
a5 48.Nd4 a4 49.Ke4 f5+ 50.Kd5 a3 51.c6+ Ke8 52.d7+ Ke7 53.Ne6 a2 54.d8=Q+
1-0

[Event "XX Festival Conca della Presolana A"]
[Site "Bratto - Castione della Presolana ITA"]
[Date "2000.09.02"]
[Round "9"]
[White "Romanishin, Oleg M."]
[Black "Farago, Ivan"]
[Result "1/2-1/2"]
[WhiteElo "2591"]
[BlackElo "2486"]
[PlyCount "97"]
[EventDate "2000.08.25"]

1.d4 Nf6 2.Nf3 e6 3.g3 b5 4.Bg2 Bb7 5.Bg5 c5 6.Bxf6 Qxf6 7.c3 cxd4 8.cxd4 
Bb4+ 9.Nc3 O-O 10.O-O a6 11.Rc1 d6 12.a3 Ba5 13.Qd3 Nd7 14.Rc2 Qe7 15.Rfc1
Nf6 16.Nd2 Bxg2 17.Kxg2 Bxc3 18.Rxc3 Qb7+ 19.Qf3 Nd5 20.R3c2 Rac8 21.e4 
Rxc2 22.Rxc2 Nb6 23.e5 Qxf3+ 24.Kxf3 dxe5 25.dxe5 Rd8 26.Ke2 Nd5 27.Ne4 
Kf8 28.Rc6 Ra8 29.Nc5 a5 30.Nd7+ Ke7 31.Nb6 Rd8 32.f4 Nxb6 33.Rxb6 Rd5 34.
Rb7+ Ke8 35.Rb8+ Ke7 36.Rb7+ Ke8 37.Ke3 h5 38.Rb8+ Ke7 39.Rb7+ Ke8 40.h3 
a4 41.Ke4 g6 42.g4 hxg4 43.hxg4 Rc5 44.f5 gxf5+ 45.gxf5 Rc4+ 46.Kf3 exf5 
47.Rxb5 Kd7 48.Rb6 Re4 49.Ra6 1/2-1/2

[Event "XX Festival Conca della Presolana A"]
[Site "Bratto - Castione della Presolana ITA"]
[Date "2000.09.02"]
[Round "9"]
[White "Ruzzier, Dario"]
[Black "Rossi, Giampiero"]
[Result "1-0"]
[WhiteElo "2080"]
[BlackElo "2101"]
[PlyCount "71"]
[EventDate "2000.08.25"]

1.d4 d5 2.c4 e6 3.Nc3 Nf6 4.Bg5 Nbd7 5.Nf3 c6 6.e3 Qa5 7.Nd2 Bb4 8.Qc2 O-O
9.Bh4 Re8 10.Be2 Ne4 11.Ndxe4 dxe4 12.O-O f5 13.c5 Bxc3 14.bxc3 b6 15.cxb6
axb6 16.f3 exf3 17.Bxf3 Bb7 18.e4 Qa4 19.Qb3 c5 20.Qxa4 Rxa4 21.Bd1 Ra3 
22.exf5 exf5 23.Bb3+ Kh8 24.Rxf5 cxd4 25.cxd4 Re2 26.d5 g6 27.Rf7 Nc5 28.
Raf1 Rxb3 29.Rxb7 Nxb7 30.axb3 Rd2 31.Rc1 Nc5 32.b4 Nd3 33.Bg5 Ra2 34.Rb1 
b5 35.d6 Ra7 36.Rd1 1-0

[Event "XX Festival Conca della Presolana A"]
[Site "Bratto - Castione della Presolana ITA"]
[Date "2000.09.02"]
[Round "9"]
[White "Sarno, Spartaco"]
[Black "Voltolini, Giuseppe"]
[Result "1-0"]
[WhiteElo "2409"]
[BlackElo "2279"]
[PlyCount "85"]
[EventDate "2000.08.25"]

1.c4 Nf6 2.Nc3 g6 3.g3 Bg7 4.Bg2 d6 5.Nf3 O-O 6.O-O c5 7.d4 Nc6 8.dxc5 
dxc5 9.Be3 Be6 10.Bxc5 Qxd1 11.Rfxd1 Bxc4 12.Rac1 Rad8 13.b3 Rxd1+ 14.Rxd1
Be6 15.Ng5 Bg4 16.h3 Bc8 17.Nb5 h6 18.Ne4 Nxe4 19.Bxe4 a6 20.Bxc6 bxc6 21.
Na7 Bxh3 22.Nxc6 Bf6 23.Bxe7 Bxe7 24.Nxe7+ Kg7 25.f3 Be6 26.Kf2 Rb8 27.Nc6
Rb6 28.Nd4 Bc8 29.Rc1 Bb7 30.Rc5 Kf6 31.e4 h5 32.Ke3 g5 33.f4 gxf4+ 34.
gxf4 h4 35.Rh5 Ke7 36.Rxh4 Rg6 37.Nf5+ Kd7 38.Rh7 Ke8 39.Rh6 Rxh6 40.Nxh6 
Ke7 41.Nf5+ Ke6 42.Kd4 Ba8 43.Ne3 1-0

[Event "XX Festival Conca della Presolana A"]
[Site "Bratto - Castione della Presolana ITA"]
[Date "2000.09.02"]
[Round "9"]
[White "Sbarra, Marco"]
[Black "Sedina, Elena"]
[Result "0-1"]
[WhiteElo "2285"]
[BlackElo "2405"]
[PlyCount "74"]
[EventDate "2000.08.25"]

1.d4 Nf6 2.c4 c6 3.Nc3 d5 4.e3 g6 5.h3 Bg7 6.Nf3 O-O 7.Be2 dxc4 8.Bxc4 
Nbd7 9.e4 b5 10.Bd3 b4 11.Na4 Nb6 12.Nc5 Nfd7 13.Qc2 Nxc5 14.Qxc5 Qd6 15.
Qxd6 exd6 16.Be3 c5 17.b3 Bb7 18.O-O Rfe8 19.Rac1 cxd4 20.Bxd4 Bxe4 21.
Bxe4 Rxe4 22.Bxb6 axb6 23.Rc6 Rxa2 24.Rxb6 Bc3 25.Ng5 Re5 26.h4 h6 27.Nf3 
Ree2 28.Rxd6 Kg7 29.h5 gxh5 30.Nd4 Re5 31.Rd1 Rb2 32.Nf3 Ree2 33.Nh4 Rxf2 
34.R1d5 Bf6 35.Nf5+ Kg6 36.Ne3 Kh7 37.Rxh5 Bg5 0-1

[Event "XX Festival Conca della Presolana A"]
[Site "Bratto - Castione della Presolana ITA"]
[Date "2000.09.02"]
[Round "9"]
[White "Schuurman, Petra"]
[Black "Riccio, Eros"]
[Result "0-1"]
[WhiteElo "2151"]
[BlackElo "2134"]
[PlyCount "106"]
[EventDate "2000.08.25"]

1.c4 e5 2.Nc3 Nc6 3.Nf3 g6 4.d4 exd4 5.Nxd4 Bg7 6.Nc2 d6 7.Qd2 Nf6 8.g3 
O-O 9.Bg2 Ng4 10.O-O Bf5 11.b3 Bxc2 12.Qxc2 Nd4 13.Qd2 Nxe2+ 14.Qxe2 Bxc3 
15.Rb1 Qc8 16.Bh3 f5 17.Bg2 Bg7 18.Qd2 Rb8 19.Bb2 Bxb2 20.Bd5+ Kg7 21.
Qxb2+ Nf6 22.Rfe1 Re8 23.Qc3 c6 24.Bf3 Qd7 25.Qd4 a6 26.h4 h5 27.b4 Rxe1+ 
28.Rxe1 Kf7 29.Qf4 Rd8 30.a4 d5 31.cxd5 cxd5 32.Rc1 Qxa4 33.Rc7+ Rd7 34.
Rc8 Re7 35.Qh6 Re8 36.Rc7+ Re7 37.Rc8 Re8 38.Bxd5+ Nxd5 39.Qh7+ Kf6 40.
Qxb7 Rxc8 41.Qxc8 Qxb4 42.Qh8+ Ke6 43.Qc8+ Kf7 44.Qxa6 Qe1+ 45.Kg2 Qe4+ 
46.f3 Ne3+ 47.Kf2 Nd1+ 48.Kg2 Qc2+ 49.Kh1 Nf2+ 50.Kg1 Nh3+ 51.Kh1 Qd1+ 52.
Kg2 Qg1+ 53.Kxh3 Qh1# 0-1

[Event "XX Festival Conca della Presolana A"]
[Site "Bratto - Castione della Presolana ITA"]
[Date "2000.09.02"]
[Round "9"]
[White "Trabert, Bettina"]
[Black "Mariano, Elia"]
[Result "1-0"]
[WhiteElo "2259"]
[BlackElo "2093"]
[PlyCount "177"]
[EventDate "2000.08.25"]

1.e4 d5 2.exd5 Qxd5 3.Nc3 Qa5 4.d4 Nf6 5.Nf3 Bg4 6.h3 Bh5 7.g4 Bg6 8.Ne5 
e6 9.Bg2 c6 10.h4 Be4 11.f3 Bd5 12.Bd2 Nbd7 13.Qe2 Bb4 14.a3 Nxe5 15.dxe5 
Nd7 16.Rd1 Bxc3 17.Bxc3 Qb6 18.h5 O-O-O 19.b3 c5 20.Bd2 Qc7 21.c4 Bc6 22.
Bc3 Nb8 23.Kf2 Rxd1 24.Rxd1 Rd8 25.Rd3 Qe7 26.Kf1 g6 27.hxg6 hxg6 28.Rxd8+
Qxd8 29.Qd2 Qxd2 30.Bxd2 b6 31.Kf2 Bb7 32.Bc3 Nc6 33.b4 a5 34.bxc5 bxc5 
35.Ke3 Kd7 36.Bf1 a4 37.Be2 Ne7 38.Bd1 Bc6 39.Ba5 Nc8 40.Bc2 Ke7 41.Kf4 
Ke8 42.Bd1 Bd7 43.Bc7 Bc6 44.Kg5 Kd7 45.Ba5 Ke7 46.f4 Ke8 47.Kf6 Kf8 48.
Bc7 Ke8 49.Bc2 Kd7 50.Ba5 Ke8 51.Bd3 Bf3 52.f5 gxf5 53.gxf5 exf5 54.Bxf5 
Ne7 55.Bc2 Bc6 56.Bb6 Bd7 57.Bxc5 Nc6 58.Bb6 Nb8 59.Bc7 Nc6 60.Be4 Nd4 61.
Bb6 Bc6 62.Bxc6+ Nxc6 63.e6 fxe6 64.Kxe6 Nb8 65.Kd6 Nd7 66.Ba5 Nf6 67.Kc6 
Ke7 68.Kb7 Ne4 69.Kc7 Ke6 70.Bb4 Nf6 71.Kc6 Nd7 72.Bc3 Ke7 73.Kc7 Ke6 74.
Bd4 Ke7 75.Kc6 Ke6 76.Kb5 Kd6 77.Kxa4 Kc6 78.Kb4 Nf8 79.a4 Ne6 80.Be3 Nf8 
81.a5 Nd7 82.Bd4 Nb8 83.Kc3 Na6 84.Kd3 Nc7 85.Ke4 Nb5 86.a6 Nd6+ 87.Kd3 
Nc8 88.a7 Kb7 89.Bc5 1-0

[Event "XX Festival Conca della Presolana A"]
[Site "Bratto - Castione della Presolana ITA"]
[Date "2000.09.02"]
[Round "9"]
[White "Vancini, Edoardo"]
[Black "Cocchi, Andrea"]
[Result "1-0"]
[WhiteElo "2301"]
[BlackElo "2261"]
[PlyCount "45"]
[EventDate "2000.08.25"]

1.e4 d5 2.Nc3 e6 3.Nf3 Nf6 4.e5 Nfd7 5.g3 c5 6.Bg2 Nc6 7.O-O Ndxe5 8.Nxe5 
Nxe5 9.Re1 d4 10.Rxe5 dxc3 11.bxc3 Bd6 12.Re3 Qc7 13.Qh5 O-O 14.c4 f6 15.
Bb2 Qf7 16.Qe2 e5 17.f4 Qg6 18.fxe5 Qxc2 19.Bc3 Bxe5 20.Bd5+ Kh8 21.Rxe5 
fxe5 22.Be4 Qa4 23.Qh5 1-0

[Event "XX Festival Conca della Presolana A"]
[Site "Bratto - Castione della Presolana ITA"]
[Date "2000.09.02"]
[Round "9"]
[White "Vita, Fabrizio"]
[Black "Mascheroni, Maurizio"]
[Result "1/2-1/2"]
[WhiteElo "2102"]
[BlackElo "2059"]
[PlyCount "99"]
[EventDate "2000.08.25"]

1.Nf3 Nf6 2.g3 g6 3.b4 Bg7 4.Bb2 O-O 5.Bg2 d6 6.O-O e5 7.d3 Bg4 8.Nbd2 c6 
9.c4 Nbd7 10.Qc2 Re8 11.h3 Bxf3 12.Bxf3 Rc8 13.Rac1 Qe7 14.a4 d5 15.Qc3 
Nb6 16.Ra1 Nbd7 17.e4 d4 18.Qb3 c5 19.Ba3 b6 20.b5 Nf8 21.Ra2 Ne6 22.Rfa1 
Ng5 23.Bg2 Qd7 24.Kh2 Ne6 25.Bc1 Ra8 26.a5 Qb7 27.Nf3 Nd7 28.Ra4 Nc7 29.
R4a2 Ne6 30.Ng5 Nc7 31.f4 f6 32.Nf3 a6 33.bxa6 Rxa6 34.Rb1 Qc6 35.Bd2 Rb8 
36.Qa4 bxa5 37.Qxc6 Rxc6 38.Rxb8+ Nxb8 39.Rxa5 Nba6 40.fxe5 fxe5 41.Bg5 
Nb4 42.Bf1 Ne6 43.Bd2 Rb6 44.Kg1 Nc6 45.Ra8+ Kf7 46.Kf2 Rb2 47.Ke1 Rb1+ 
48.Kf2 Rb2 49.Be2 Nb4 50.Rc8 1/2-1/2